000
00273nam a2200121Ia 4500
008
241002s9999 xx 000 0 und d
082
_a
808.84 SAR
100
_a
Sartre, Jean Paul
245
0
_a
Situation
260
_a
New York:
_c
1964
600
_a
Literature
942
_c
UC
999
_c
18758
_d
18758